<?xml version="1.0" encoding="UTF-8"?>
<record
    xmlns:xsi="http://www.w3.org/2001/XMLSchema-instance"
    xsi:schemaLocation="http://www.loc.gov/MARC21/slim http://www.loc.gov/standards/marcxml/schema/MARC21slim.xsd"
    xmlns="http://www.loc.gov/MARC21/slim">

  <leader>02668cam a2200361   4500500</leader>
  <controlfield tag="005">20260222011925.0</controlfield>
  <datafield tag="041" ind1=" " ind2=" ">
    <subfield code="a">fre</subfield>
  </datafield>
  <datafield tag="042" ind1=" " ind2=" ">
    <subfield code="a">dc</subfield>
  </datafield>
  <datafield tag="100" ind1="1" ind2="0">
    <subfield code="a">von Bueltzingsloewen, Isabelle</subfield>
    <subfield code="e">author</subfield>
  </datafield>
  <datafield tag="245" ind1="0" ind2="0">
    <subfield code="a">Deux exp&#xE9;riences enfantines de s&#xE9;paration familiale</subfield>
  </datafield>
  <datafield tag="260" ind1=" " ind2=" ">
    <subfield code="c">2022.
							</subfield>
  </datafield>
  <datafield tag="500" ind1=" " ind2=" ">
    <subfield code="a">3</subfield>
  </datafield>
  <datafield tag="520" ind1=" " ind2=" ">
    <subfield code="a">Cet article reconstitue et croise les itin&#xE9;raires de deux enfants, Raymond et Claude, pendant la Seconde Guerre mondiale. En d&#xE9;pit de sources lacunaires et gr&#xE2;ce au recours &#xE0; l&#x2019;histoire orale, il restitue les circonstances dans lesquelles les deux gar&#xE7;ons ont &#xE9;t&#xE9; s&#xE9;par&#xE9;s de leurs parents, d&#x2019;abord temporairement puis d&#xE9;finitivement apr&#xE8;s le bombardement de Lyon, le 26 mai 1944, dans lequel Raymond a perdu son p&#xE8;re et Claude son p&#xE8;re et sa m&#xE8;re. Il s&#x2019;int&#xE9;resse &#xE9;galement &#xE0; la fa&#xE7;on dont chacun d&#x2019;entre eux, apr&#xE8;s ce traumatisme, a poursuivi sa vie et d&#xE9;velopp&#xE9; un rapport tr&#xE8;s contrast&#xE9; &#xE0; cette histoire quasiment absente de la m&#xE9;moire collective. Il montre enfin l&#x2019;int&#xE9;r&#xEA;t, pour l&#x2019;historien qui s&#x2019;int&#xE9;resse aux &#xAB;&#xA0;m&#xE9;moires faibles&#xA0;&#xBB;, des enqu&#xEA;tes historiques men&#xE9;es &#xE0; l&#x2019;&#xE9;chelle de trajectoires singuli&#xE8;res.</subfield>
  </datafield>
  <datafield tag="520" ind1=" " ind2=" ">
    <subfield code="a">This article analyzes and &#x201C;crosses&#x201D; the itineraries of two children, Raymond and Claude, during the Second World War. In spite of incomplete sources and thanks to the use of oral history, it reconstructs the circumstances in which the two boys were separated from their parents, first temporarily and then definitively after the bombing of Lyon on May 26, 1944, in which Raymond lost his father and Claude his father and mother. It also looks at the way in which each of them, after this trauma, went on with their lives and developed very different relationships with this history that is almost absent from the collective memory. Finally, it shows the interest, for the historian who is interested in &#x201C;weak memories&#x201D;, of historical investigations carried out on the scale of singular trajectories.</subfield>
  </datafield>
  <datafield tag="690" ind1=" " ind2=" ">
    <subfield code="a">bombardement</subfield>
  </datafield>
  <datafield tag="690" ind1=" " ind2=" ">
    <subfield code="a">enfance</subfield>
  </datafield>
  <datafield tag="690" ind1=" " ind2=" ">
    <subfield code="a">histoire orale</subfield>
  </datafield>
  <datafield tag="690" ind1=" " ind2=" ">
    <subfield code="a">m&#xE9;moires faibles</subfield>
  </datafield>
  <datafield tag="690" ind1=" " ind2=" ">
    <subfield code="a">microhistoire</subfield>
  </datafield>
  <datafield tag="690" ind1=" " ind2=" ">
    <subfield code="a">Seconde Guerre mondiale</subfield>
  </datafield>
  <datafield tag="690" ind1=" " ind2=" ">
    <subfield code="a">s&#xE9;paration</subfield>
  </datafield>
  <datafield tag="690" ind1=" " ind2=" ">
    <subfield code="a">traumatisme</subfield>
  </datafield>
  <datafield tag="690" ind1=" " ind2=" ">
    <subfield code="a">Bombing</subfield>
  </datafield>
  <datafield tag="690" ind1=" " ind2=" ">
    <subfield code="a">Childhood</subfield>
  </datafield>
  <datafield tag="690" ind1=" " ind2=" ">
    <subfield code="a">Microhistory</subfield>
  </datafield>
  <datafield tag="690" ind1=" " ind2=" ">
    <subfield code="a">Oral history</subfield>
  </datafield>
  <datafield tag="690" ind1=" " ind2=" ">
    <subfield code="a">Second World War</subfield>
  </datafield>
  <datafield tag="690" ind1=" " ind2=" ">
    <subfield code="a">Separation</subfield>
  </datafield>
  <datafield tag="690" ind1=" " ind2=" ">
    <subfield code="a">Trauma</subfield>
  </datafield>
  <datafield tag="690" ind1=" " ind2=" ">
    <subfield code="a">Weak Memory</subfield>
  </datafield>
  <datafield tag="786" ind1="0" ind2=" ">
    <subfield code="n">L'irr&#xE9;guli&#xE8;re | 24 | 1 | 2022-07-20 | p. 33-47 | 1962-9419</subfield>
  </datafield>
  <datafield tag="856" ind1="4" ind2="1">
    <subfield code="u">https://shs.cairn.info/revue-d-histoire-de-l-enfance-irreguliere-2022-1-page-33?lang=fr&amp;redirect-ssocas=7080</subfield>
  </datafield>
  <datafield tag="999" ind1=" " ind2=" ">
    <subfield code="c">1669998</subfield>
    <subfield code="d">1669998</subfield>
  </datafield>
</record>
